000 00489nam a2200145 i 4500
001 21754
003 ES-MaACL
005 20230906152535.0
007 t|
008 021127s1901 sp ||||1| spa d
100 1 _aAlcina y Rancé, Benito.
_919550
245 1 0 _aVerdadero concepto de la persona
_b: discurso inagural de la Universidad de Sevilla, leido el 1º de octubre de 1901 /
_cBenito Alcina y Rancé.
260 _aCádiz :
_bRevista Médica,
_c1901.
852 _aES-MaACL
_jT-1022-F-2
999 _c21754
_d21754